[Event "Llinars del Valles op 5th"]
[Site "Llinars del Valles"]
[Date "2013.10.18"]
[Round "3"]
[White "Ridao Gimeno, Oscar"]
[Black "Cordomi Fons, Francesco"]
[Result "0-1"]
[WhiteElo "1803"]
[BlackElo "2068"]
[PlyCount "138"]
[EventDate "2013.10.04"]
[EventType "swiss"]
[EventRounds "8"]
[EventCountry "ESP"]
[SourceTitle "CBM 157 Extra"]
[Source "ChessBase"]
[SourceDate "2013.12.19"]
[SourceVersion "1"]
[SourceVersionDate "2013.12.19"]
[SourceQuality "1"]

1. e4 e6 2. d4 d5 3. e5 c5 4. Nf3 cxd4 5. Nxd4 Nc6 6. Bb5 Bd7 7. Nxc6 Bxc6 8. Bxc6+ bxc6 9. 0-0 Rb8 10. c3 Ne7 11. Qa4 Qc7 12. b3 Nc8 13. Qg4 Rb7 14. Re1 Nb6 15. Nd2 Nd7 16. Nf3 Nc5 17. Ba3 h5 18. Qd4 Nd7 19. Bxf8 Kxf8 20. Qf4 Rh6 21. Qg5 Nc5 22. Rad1 Qe7 23. Qxe7+ Kxe7 24. Nd4 Rb6 25. f3 Nd7 26. Nc2 c5 27. Ne3 Nf8 28. Rd2 Ng6 29. g3 Kf8 30. f4 h4 31. Kg2 Ne7 32. Rb1 f5 33. Nc2 hxg3 34. hxg3 Kf7 35. Kf3 Rb8 36. Rb2 Rbh8 37. Ne3 Rh5 38. Ke2 g5 39. Ng2 gxf4 40. gxf4 Rh2 41. Kd1 Ng6 42. a4 R8h3 43. c4 d4 44. b4 cxb4 45. Rxb4 Rg3 46. Rb7+ Ke8 47. Rbb2 d3 48. Ne1 Rxd2+ 49. Rxd2 Nxf4 50. Rf2 Ng6 51. Rg2 Rxg2 52. Nxg2 Nxe5 53. Nf4 Kd7 54. Kd2 Nxc4+ 55. Kxd3 Nb2+ 56. Kd4 Kd6 57. Ne2 e5+ 58. Ke3 Nxa4 59. Kf3 Nc5 60. Ke3 f4+ 61. Nxf4 exf4+ 62. Kxf4 Kd5 63. Ke3 Kc4 64. Kd2 Kb3 65. Kc1 a5 66. Kb1 a4 67. Ka1 Ka3 68. Kb1 Nb3 69. Kc2 Ka2 0-1

[Event "Roncana op-B 7th"]
[Site "Santa Eulalia de Roncana"]
[Date "2013.10.12"]
[Round "2"]
[White "Ridao Gimeno, Oscar"]
[Black "Garcia Torres, Adolfo"]
[Result "1-0"]
[WhiteElo "1638"]
[BlackElo "1501"]
[PlyCount "120"]
[EventDate "2013.10.05"]
[EventType "swiss"]
[EventRounds "8"]
[EventCountry "ESP"]
[SourceTitle "EXT 2015"]
[Source "ChessBase"]
[SourceDate "2014.11.20"]
[SourceVersion "1"]
[SourceVersionDate "2014.11.20"]
[SourceQuality "1"]

1. e4 e5 2. Nf3 Nf6 3. Nc3 Bb4 4. Nd5 Nxd5 5. exd5 d6 6. c3 Ba5 7. Qa4+ c6 8. Be2 b5 9. Qb3 a6 10. d3 Bb7 11. dxc6 Bxc6 12. 0-0 0-0 13. Qc2 h6 14. Nd2 Bb6 15. Bf3 d5 16. c4 Qd6 17. cxd5 Bxd5 18. Ne4 Bxe4 19. Bxe4 Ra7 20. Qe2 f5 21. Bf3 Re7 22. Be3 g5 23. Qc2 Bxe3 24. fxe3 g4 25. Qb3+ Kh7 26. Be2 Rg7 27. Rac1 f4 28. exf4 exf4 29. Bd1 f3 30. g3 Qd4+ 31. Rf2 Re7 32. Qc3 Qe3 33. Bb3 Rfe8 34. Qc5 Qxc5 35. Rxc5 Re2 36. Rc2 Re1+ 37. Rf1 Rxf1+ 38. Kxf1 Kg6 39. Bd5 Kf6 40. Be4 Re5 41. Kf2 Rh5 42. Ke3 a5 43. d4 Nd7 44. Kf4 Ke7 45. Kxg4 Nf6+ 46. Kxf3 Nxe4 47. Kxe4 Kd6 48. h4 Rd5 49. Rc5 Rxc5 50. dxc5+ Kxc5 51. g4 Kd6 52. Kf5 b4 53. Kg6 a4 54. Kxh6 b3 55. a3 Ke7 56. g5 Kf8 57. Kg6 Kg8 58. h5 Kh8 59. Kf7 Kh7 60. g6+ Kh8 1-0

[Event "Roncana op-B 7th"]
[Site "Santa Eulalia de Roncana"]
[Date "2013.10.05"]
[Round "1"]
[White "Perez Paredes, Dilan"]
[Black "Ridao Gimeno, Oscar"]
[Result "0-1"]
[WhiteElo "1359"]
[BlackElo "1638"]
[PlyCount "92"]
[EventDate "2013.10.05"]
[EventType "swiss"]
[EventRounds "8"]
[EventCountry "ESP"]
[SourceTitle "EXT 2015"]
[Source "ChessBase"]
[SourceDate "2014.11.20"]
[SourceVersion "1"]
[SourceVersionDate "2014.11.20"]
[SourceQuality "1"]

1. e4 c5 2. Nf3 d6 3. d4 cxd4 4. Nxd4 Nc6 5. Nb3 e5 6. Nc3 Nf6 7. Be2 Be7 8. 0-0 0-0 9. Be3 Be6 10. Qd2 d5 11. exd5 Nxd5 12. Nxd5 Qxd5 13. Qxd5 Bxd5 14. c4 Be4 15. Rac1 Rfd8 16. f3 Bf5 17. f4 Bd3 18. Bxd3 Rxd3 19. Bc5 exf4 20. Bxe7 Nxe7 21. Rxf4 Rad8 22. Re1 Rd1 23. Rfe4 Rxe1+ 24. Rxe1 Nc6 25. a3 Kf8 26. Kf2 f6 27. Nc5 Rd2+ 28. Re2 Rxe2+ 29. Kxe2 b6 30. Nd3 Ke7 31. Ke3 Kd6 32. Ke4 g6 33. g4 h6 34. h4 Ne7 35. b4 f5+ 36. gxf5 Nxf5 37. c5+ bxc5 38. bxc5+ Kc7 39. Kd5 Nxh4 40. Nb4 Nf5 41. Ke6 Ne3 42. Nd5+ Nxd5 43. Kxd5 g5 44. Ke4 h5 45. a4 g4 46. Kf4 Kc6 0-1

[Event "Llinars del Valles op 5th"]
[Site "Llinars del Valles"]
[Date "2013.10.04"]
[Round "1"]
[White "Ridao Gimeno, Oscar"]
[Black "Benitez Delgado, Josep Maria"]
[Result "0-1"]
[WhiteElo "1803"]
[BlackElo "2098"]
[PlyCount "90"]
[EventDate "2013.10.04"]
[EventType "swiss"]
[EventRounds "8"]
[EventCountry "ESP"]
[SourceTitle "CBM 157 Extra"]
[Source "ChessBase"]
[SourceDate "2013.12.19"]
[SourceVersion "1"]
[SourceVersionDate "2013.12.19"]
[SourceQuality "1"]

1. e4 c5 2. Nf3 d6 3. d4 cxd4 4. Nxd4 Nf6 5. Nc3 a6 6. Bg5 e6 7. Bd3 Be7 8. 0-0 Qc7 9. Re1 Nbd7 10. f4 Qb6 11. Bxf6 Bxf6 12. e5 dxe5 13. fxe5 Qxd4+ 14. Kh1 Bxe5 15. Qh5 g6 16. Qf3 Qf4 17. Qh3 0-0 18. Re4 Qxh2+ 19. Qxh2 Bxh2 20. Kxh2 Nf6 21. Rh4 b5 22. Rf1 Kg7 23. Ne4 Nxe4 24. Bxe4 Rb8 25. Kg3 f5 26. Bd3 e5 27. c3 Rd8 28. Bb1 Rd2 29. b3 Bb7 30. Rg1 Rc8 31. c4 bxc4 32. Rxc4 Rxc4 33. bxc4 Kf6 34. Kh2 Bc6 35. Kh3 Ba4 36. Kg3 Rd1 37. Rxd1 Bxd1 38. Kf2 e4 39. Ke3 Ke5 40. g3 g5 41. a3 f4+ 42. gxf4+ gxf4+ 43. Kd2 Ba4 44. Ba2 Kd4 45. Ke1 h5 0-1

[Event "Vall del Tenes op 2nd"]
[Site "Vall del Tenes"]
[Date "2013.05.31"]
[Round "8"]
[White "Boixader Puig, Angel"]
[Black "Ridao Gimeno, Oscar"]
[Result "0-1"]
[WhiteElo "1700"]
[BlackElo "1747"]
[PlyCount "53"]
[EventDate "2013.04.05"]
[EventType "swiss"]
[EventRounds "8"]
[EventCountry "ESP"]
[SourceTitle "EXT 2014"]
[Source "ChessBase"]
[SourceDate "2013.11.20"]
[SourceVersion "1"]
[SourceVersionDate "2013.11.20"]
[SourceQuality "1"]

1. Nf3 d5 2. c4 Nf6 3. d4 Nc6 4. g3 dxc4 5. Nc3 Bg4 6. e3 e6 7. Bxc4 Bb4 8. 0-0 0-0 9. Be2 Re8 10. Kg2 Bxc3 11. bxc3 Ne4 12. Qc2 Bf5 13. Bd3 Nd6 14. Re1 Bxd3 15. Qxd3 Qf6 16. e4 Qe7 17. Ng5 h6 18. Nf3 Qd7 19. e5 Nf5 20. Qe4 Rad8 21. Qg4 Qd5 22. Kg1 Nce7 23. Nh4 Nxh4 24. Qxh4 Nf5 25. Qh3 Qf3 26. Be3 Rd5 27. g4 0-1

[Event "Vall del Tenes op 2nd"]
[Site "Vall del Tenes"]
[Date "2013.04.05"]
[Round "1"]
[White "Ridao Gimeno, Oscar"]
[Black "Valero Soler, Jaume"]
[Result "0-1"]
[WhiteElo "1747"]
[BlackElo "1787"]
[PlyCount "66"]
[EventDate "2013.04.05"]
[EventType "swiss"]
[EventRounds "8"]
[EventCountry "ESP"]
[SourceTitle "EXT 2014"]
[Source "ChessBase"]
[SourceDate "2013.11.20"]
[SourceVersion "1"]
[SourceVersionDate "2013.11.20"]
[SourceQuality "1"]

1. e4 e6 2. d4 d5 3. e5 c5 4. Be3 cxd4 5. Bxd4 Nc6 6. Nf3 Nge7 7. c3 Bd7 8. Bd3 Ng6 9. Qd2 Qc7 10. Bxg6 hxg6 11. Qf4 Be7 12. Nbd2 f6 13. Qg4 0-0-0 14. Qf4 g5 15. Qe3 b6 16. Nb3 g4 17. exf6 gxf6 18. Nfd2 e5 19. Bxb6 Qxb6 20. Qxb6 axb6 21. a4 Na5 22. Nc1 Rdg8 23. b4 Nc4 24. a5 g3 25. Nxc4 dxc4 26. axb6 Bc6 27. Ra7 Bb7 28. Ne2 gxh2 29. Rxb7 Kxb7 30. Ng3 Ra8 31. Ke2 Ra2+ 32. Kf3 Bd8 33. Ne4 Be7 0-1